Análisis comparativo y conclusiones técnico económicas para una posible implementación de los estándares WiMAX 802.16d ó WIMAX 802.16e en la Zona Metropolitana de Costa Rica

Gespeichert in:
Bibliographische Detailangaben
1. Verfasser: Araya Callís, Alberto José
Format: Buch
Veröffentlicht: [San José, Costa Rica] 2007
Schlagworte:
Tags: Tag hinzufügen
Keine Tags, Fügen Sie den ersten Tag hinzu!

MARC

LEADER 00000nam a2200000Ia 4500
003 001214
005 20221231144056.0
008 140114s2007 cr a 000 ||s d
040 |c cru CEDI  
090 |a TFG 5736 
100 |a Araya Callís, Alberto José  |9 4174 
245 |a Análisis comparativo y conclusiones técnico económicas para una posible implementación de los estándares WiMAX 802.16d ó WIMAX 802.16e en la Zona Metropolitana de Costa Rica 
260 |c 2007  |b [San José, Costa Rica] 
300 |a xi, 122 páginas; ilustraciones (algunas a color) 
500 |a Proyecto de graduación (bachillerato en ingeniería eléctrica)--Universidad de Costa Rica. Facultad de Ingeniería. Escuela de Ingeniería Eléctrica 
650 |x SISTEMAS DE TRANSMISION DE DATOS  |x  SISTEMAS DE TELECOMUNICACION   |x SISTEMAS MOVILES DE COMUNICACION   |9 3859 
942 |c TFG 
999 |c 16523  |d 16523